Rumunsko ukončilo prístupové rokovania s EÚ
Rumunsko začiatkom decembra 2004 uzavrelo prístupové rokovania s EÚ. Vnútropolitické zmeny v Rumunsku - voľba prezidenta. Rumunsko by malo vstúpiť do únie spolu s Bulharskom v roku 2007. Ekonomická situácia v Rumunsku. Štrukturálne reformy v rumunskej ekonomike.
Gespeichert in:
| 1. Verfasser: | |
|---|---|
| Format: | Buchkapitel |
| Sprache: | Slowakisch |
| Schlagworte: | |
| Tags: |
Keine Tags, Fügen Sie das erste Tag hinzu!
|
MARC
| LEADER | 00000naa$a2200000$$$4500 | ||
|---|---|---|---|
| 001 | 0023516 | ||
| 005 | 20231009075553.5 | ||
| 041 | 0 | |a slo | |
| 044 | |a SK | ||
| 245 | 1 | 0 | |a Rumunsko ukončilo prístupové rokovania s EÚ |c Roman Schönwiesner |
| 520 | |a Rumunsko začiatkom decembra 2004 uzavrelo prístupové rokovania s EÚ. Vnútropolitické zmeny v Rumunsku - voľba prezidenta. Rumunsko by malo vstúpiť do únie spolu s Bulharskom v roku 2007. Ekonomická situácia v Rumunsku. Štrukturálne reformy v rumunskej ekonomike. | ||
| 610 | 2 | 0 | |a integrácia ekonomická medzinárodná |
| 610 | 2 | 0 | |a Rumunsko |
| 610 | 2 | 0 | |a Európska únia |
| 610 | 2 | 0 | |a reformy hospodárske |
| 610 | 2 | 0 | |a zmeny štruktúrne |
| 610 | 2 | 0 | |a 2007 |
| 100 | 1 | |a Schönwiesner, Roman | |